Повышение качества распознавания сцен нейронной сетью "Неокогнитрон"; Известия Томского политехнического университета [Известия ТПУ]; Т. 309, № 7
| Parent link: | Известия Томского политехнического университета [Известия ТПУ]/ Томский политехнический университет (ТПУ).— , 2000- Т. 309, № 7.— 2006.— [С. 87-91] |
|---|---|
| 主要作者: | |
| 其他作者: | |
| 總結: | Заглавие с титульного листа Электронная версия печатной публикации Изложены базовые принципы обучения и использования нейронной сети "Неокогнитрон". Показаны особенности модификаций неокогнитрона, инвариантного к вращению и с переменной селективностью. Предложены варианты расширения данной парадигмы для уменьшения избыточности сети. |
| 語言: | 俄语 |
| 出版: |
2006
|
| 叢編: | Технические науки |
| 主題: | |
| 在線閱讀: | http://www.lib.tpu.ru/fulltext/v/Bulletin_TPU/2006/v309/i7/19.pdf |
| 格式: | MixedMaterials 電子 Book Chapter |
| KOHA link: | https://koha.lib.tpu.ru/cgi-bin/koha/opac-detail.pl?biblionumber=171776 |
MARC
| LEADER | 00000nla2a2200000 4500 | ||
|---|---|---|---|
| 001 | 171776 | ||
| 005 | 20231218090856.0 | ||
| 035 | |a (RuTPU)RU\TPU\book\186245 | ||
| 035 | |a RU\TPU\book\186234 | ||
| 090 | |a 171776 | ||
| 100 | |a 20091208d2006 k y0rusy50 ca | ||
| 101 | 0 | |a rus | |
| 102 | |a RU | ||
| 135 | |a drnn ---uucaa | ||
| 181 | 0 | |a i | |
| 182 | 0 | |a b | |
| 200 | 1 | |a Повышение качества распознавания сцен нейронной сетью "Неокогнитрон" |f С. В. Аксёнов, В. Б. Новосельцев | |
| 203 | |a Текст |c электронный | ||
| 215 | |a 1 файл (1.5 Мб) | ||
| 225 | 1 | |a Технические науки | |
| 300 | |a Заглавие с титульного листа | ||
| 300 | |a Электронная версия печатной публикации | ||
| 320 | |a [Библиогр.: с. 91 (13 назв.)] | ||
| 330 | |a Изложены базовые принципы обучения и использования нейронной сети "Неокогнитрон". Показаны особенности модификаций неокогнитрона, инвариантного к вращению и с переменной селективностью. Предложены варианты расширения данной парадигмы для уменьшения избыточности сети. | ||
| 337 | |a Adobe Reader | ||
| 461 | 1 | |0 (RuTPU)RU\TPU\book\176237 |t Известия Томского политехнического университета [Известия ТПУ] |f Томский политехнический университет (ТПУ) |d 2000- | |
| 463 | 1 | |0 (RuTPU)RU\TPU\book\186202 |t Т. 309, № 7 |v [С. 87-91] |d 2006 |p 274 с. | |
| 610 | 1 | |a распознавание | |
| 610 | 1 | |a нейронные сети | |
| 610 | 1 | |a базовые принципы | |
| 610 | 1 | |a обучение | |
| 610 | 1 | |a модификации | |
| 610 | 1 | |a неокогнитроны | |
| 610 | 1 | |a селективность | |
| 610 | 1 | |a парадигмы | |
| 610 | 1 | |a труды учёных ТПУ | |
| 610 | 1 | |a электронный ресурс | |
| 700 | 1 | |a Аксёнов |b С. В. |c специалист в области информатики и вычислительной техники |c доцент Томского политехнического университета, кандидат технических наук |f 1983- |g Сергей Владимирович |3 (RuTPU)RU\TPU\pers\25383 |9 11326 | |
| 701 | 1 | |a Новосельцев |b В. Б. |c профессор каф. оптимизации систем управления Института «Кибернетический центр» ТПУ |c доктор физико-математических наук |f 1955- |g Виталий Борисович |3 (RuTPU)RU\TPU\pers\25404 | |
| 801 | 1 | |a RU |b 63413507 |c 20090623 |g PSBO | |
| 801 | 2 | |a RU |b 63413507 |c 20211110 |g PSBO | |
| 856 | 4 | |u http://www.lib.tpu.ru/fulltext/v/Bulletin_TPU/2006/v309/i7/19.pdf | |
| 942 | |c CF | ||